Open Data Biblioteca Nacional de Portugal


República Portuguesa: Ministério da Cultura
Biblioteca Nacional de Portugal

Catálogo da BNP: acesso por Identificadores Unívocos
Registos Bibliográficos associados ao registo de autoridade

Etiqueta de registo: 00653cam 2200205 450
001 767364
003 http://id.bnportugal.gov.pt/bib/catbnp/767364
005 19990109000000.0
095 ## $aPTBN00554828
100 ## $a19940307d1834 m y0pory0103 ba
101 0# $apor
102 ## $aPT
106 ## $ar
200 0# $aSenhores representantes da Nação Portugueza$fJoão António Ferreira de Moura
210 #9 $aLx.ª$cOffic. a St.ª Cathar.ª n. 12,$d1834
215 ## $a8 p.$d20 cm
316 ## $aExemplar encadernado em miscelânea.$5PTBN: O.C. 297//2
317 ## $aCol. Opúsculos Coloniais, de Ernesto de Vilhena, adquirida em 1998.$5PTBN: O.C. 297//2
501 1# $aRepresentações à Coroa, 1834
518 1# $aSenhores representantes da Nação Portuguesa
601 0# $aPortugal.$bMinistro e Secretário de Estado dos Negócios Interiores e do Reino,$c1833-1834 (Joaquim António de Aguiar)$31859708
606 ## $aPortos marítimos$yAçores (Portugal)$31859705
607 ## $aIlhéu de Vila Franca do Campo (Açores, Portugal)$2SIPOR$31859701
620 ## $aLisboa
702 #1 $aMoura,$bJoão António Ferreira de,$f1779-1840$31461326
702 #1 $aAbranches,$bJoão António Garcia de,$f1769-1845$4570$3755
702 #1 $aVilhena,$bErnesto Jardim de,$f1876-1967$4390$3118726
710 01 $aVila Franca do Campo.$bCâmara Municipal$3113302
801 #0 $aPT$bBN$gRPC
966 ## $lBN$mFGMON$sH.G. 26056//19 P. $x1
966 ## $lBN$mFGMON$sS.C. 10574//5 P.
966 ## $lBN$mFGMON$sS.C. 10599//15 P.
976 ## $d20220928$rclaraa
997 ## $aBIBEOD

Etiqueta de registo: 00254nam 2200025 450
001 2211835
003 http://id.bnportugal.gov.pt/bib/catbnp/2211835
100 ## $a20250416d1834 k y0pory01030103ba
101 0# $apor
102 ## $aPT
105 ## $ay z 000yy
106 ## $ah
200 1# $a [ Portaria do Ministério do Reino, pela qual o Duque de Bragança, Regente em nome da Rainha, solicita ao Bibliotecário-mor que enviasse novamente a conta da receita e despesa e incluísse os ordenados de todos os funcionários da Biblioteca Pública]
210 #1 $a[Lisboa], Palácio das Necessidades,$d20 de Fevereiro de 1834
215 ## $a1 documento (2 f.)
300 ## $aOriginal assinado por Joaquim António de Aguiar
321 ## $aInventário do Arquivo Histórico da Biblioteca Nacional: 1796-1950. Lisboa: BN, 1996. P. 55
710 01 $aPortugal.$bMinistério do Reino$3111548
712 02 $aPortugal.$bMinistro e Secretário de Estado dos Negócios Interiores e do Reino,$c1833-1834 (Joaquim António de Aguiar)$4070$31859708
801 #0 $aPT$bBN$gRPC
966 ## $lBN$mRESARQ$sAHBN/CR/05/Cx. 01-Mc. 01-07
971 ## $cmrosario$d20250416

Etiqueta de registo: 00254nbm 2200025 450
001 2211827
003 http://id.bnportugal.gov.pt/bib/catbnp/2211827
100 ## $a20250416d1834 k y0pory01030103ba
101 0# $apor
102 ## $aPT
105 ## $ay z 000yy
106 ## $ah
200 1# $a [ Portaria do Ministério do Reino, pela qual o Duque de Bragança, Regente em nome da Rainha, solicita ao Bibliotecário-mor que averigue se entre os documentos e livros pertencentes ao extinto Seminário Patriarcal de Música, incorporados na Biblioteca Pública, se encontravam os Estatutos do mesmo Seminário, e ordenando, que, nesse caso, fossem enviados à Secretaria de Estado dos Negócios do Reino]
210 #1 $a[Lisboa], Palácio das Necessidades,$d4 de Fevereiro de 1834
215 ## $a1 documento (2 f.)
300 ## $aOriginal assinado por Joaquim António de Aguiar
321 ## $aInventário do Arquivo Histórico da Biblioteca Nacional: 1796-1950. Lisboa: BN, 1996. P. 55
710 01 $aPortugal.$bMinistério do Reino$3111548
712 02 $aPortugal.$bMinistro e Secretário de Estado dos Negócios Interiores e do Reino,$c1833-1834 (Joaquim António de Aguiar)$4070$31859708
801 #0 $aPT$bBN$gRPC
966 ## $lBN$mRESARQ$sAHBN/CR/05/Cx. 01-Mc. 01-06
971 ## $cmrosario$d20250416

Etiqueta de registo: 00254nbm 2200025 450
001 2211822
003 http://id.bnportugal.gov.pt/bib/catbnp/2211822
100 ## $a20250416d1834 k y0pory01030103ba
101 0# $apor
102 ## $aPT
105 ## $ay z 000yy
106 ## $ah
200 1# $a [ Portaria do Ministério do Reino, pela qual o Duque de Bragança, Regente em nome da Rainha, solicita ao Bibliotecário-mor que envie à Secretaria de Estado dos Negócios do Reino, a informação sobre a receita e despesa da Biblioteca Pública, respeitante aos últimos 3 anos]
210 #1 $a[Lisboa], Palácio das Necessidades,$d3 de Fevereiro de 1834
215 ## $a1 documento (2 f.)
300 ## $aOriginal assinado por Joaquim António de Aguiar
321 ## $aInventário do Arquivo Histórico da Biblioteca Nacional: 1796-1950. Lisboa: BN, 1996. P. 55
710 01 $aPortugal.$bMinistério do Reino$3111548
712 02 $aPortugal.$bMinistro e Secretário de Estado dos Negócios Interiores e do Reino,$c1833-1834 (Joaquim António de Aguiar)$4070$31859708
801 #0 $aPT$bBN$gRPC
966 ## $lBN$mRESARQ$sAHBN/CR/05/Cx. 01-Mc. 01-05
971 ## $cmrosario$d20250416

Etiqueta de registo: 00254nbm 2200025 450
001 2211803
003 http://id.bnportugal.gov.pt/bib/catbnp/2211803
100 ## $a20250416d1934 k y0pory01030103ba
101 0# $apor
102 ## $aPT
105 ## $ay z 000yy
106 ## $ah
200 1# $a [ Portaria do Ministério do Reino, pela qual o Duque de Bragança, Regente em nome da Rainha, informa o Bibliotecário-mor da Biblioteca Pública sobre as determinações do Decreto de 24 de Janeiro de 1834, relativas ao pagamento de funcionários, solicitando que fizesse chegar essas disposições aos empregados da "Repartição a seu cargo"]
210 #1 $a[Lisboa], Palácio das Necessidades,$d31 de Janeiro de 1834
215 ## $a1 documento (2 f.)
300 ## $aOriginal assinado por Joaquim António de Aguiar
321 ## $aInventário do Arquivo Histórico da Biblioteca Nacional: 1796-1950. Lisboa: BN, 1996. P. 55
710 01 $aPortugal.$bMinistério do Reino$3111548
712 02 $aPortugal.$bMinistro e Secretário de Estado dos Negócios Interiores e do Reino,$c1833-1834 (Joaquim António de Aguiar)$4070$31859708
801 #0 $aPT$bBN$gRPC
966 ## $lBN$mRESARQ$sAHBN/CR/05/Cx. 01-Mc. 01-04
971 ## $cmrosario$d20250416

Etiqueta de registo: 00254nbm 2200025 450
001 2211791
003 http://id.bnportugal.gov.pt/bib/catbnp/2211791
100 ## $a20250416d1834 k y0pory01030103ba
101 0# $apor
102 ## $aPT
105 ## $ay z 000yy
106 ## $ah
200 1# $a [ Portaria do Ministério do Reino, pela qual o Duque de Bragança, Regente em nome da Rainha, aprova a admissão de Francisco Casassa para o lugar de contínuo da Biblioteca Pública]
210 #1 $a[Lisboa], Palácio das Necessidades,$d23 de Janeiro de 1834
215 ## $a1 documento (2 f.)
300 ## $aOriginal assinado por Joaquim António de Aguiar
321 ## $aInventário do Arquivo Histórico da Biblioteca Nacional: 1796-1950. Lisboa: BN, 1996. P. 55
710 01 $aPortugal.$bMinistério do Reino$3111548
712 02 $aPortugal.$bMinistro e Secretário de Estado dos Negócios Interiores e do Reino,$c1833-1834 (Joaquim António de Aguiar)$4070$31859708
801 #0 $aPT$bBN$gRPC
966 ## $lBN$mRESMAN$sAHBN/CR/05/Cx. 01-Mc. 01-03
971 ## $cmrosario$d20250416

Etiqueta de registo: 00254nbm 2200025 450
001 2211758
003 http://id.bnportugal.gov.pt/bib/catbnp/2211758
100 ## $a20250416d1834 k y0pory01030103ba
101 0# $apor
102 ## $aPT
105 ## $ay z 000yy
106 ## $ah
200 1# $a [Portaria do Ministério do Reino, pela qual o Duque de Bragança, Regente em nome da Rainha, manda que o Bibliotecário-mor da Biblioteca Pública remeta pela Secretaria de Estado dos Negócios da Fazenda uma relação exacta de todas as pensões e tenças que anteriormente eram pagas pela sua Repartição, os decretos ou títulos pelos quais tinham sido concedidas, e data em que cessara o pagamento]
210 #1 $a[Lisboa], Palácio das Necessidades,$d20 de Janeiro de 1834
215 ## $a1 documento (2 f.)
300 ## $aOriginal assinado por Joaquim António de Aguiar
321 ## $aInventário do Arquivo Histórico da Biblioteca Nacional: 1796-1950. Lisboa: BN, 1996. P. 55
710 02 $aPortugal.$bMinistério do Reino$31952628
712 02 $aPortugal.$bMinistro e Secretário de Estado dos Negócios Interiores e do Reino,$c1833-1834 (Joaquim António de Aguiar)$4070$31859708
801 #0 $aPT$bBN$gRPC
966 ## $lBN$mRESARQ$sAHBN/CR/05/Cx. 01-Mc. 01-02
971 ## $cmrosario$d20250416

Etiqueta de registo: 00254nbm 2200025 450
001 2211750
003 http://id.bnportugal.gov.pt/bib/catbnp/2211750
100 ## $a20250416d1834 k y0pory01030103ba
101 0# $apor
102 ## $aPT
105 ## $ay z 000yy
106 ## $ah
200 1# $a [ Portaria do Ministério do Reino, pela qual o Duque de Bragança, Regente em nome da Rainha, participa ao Bibliotecário-mor terem sido dadas ordens ao Conselheiro Fiscal das Obras Públicas para proceder aos arranjos "nas duas casas concedidas para uso" da Biblioteca Pública]
210 #1 $a[Lisboa], Palácio das Necessidades,$d18 de Janeiro de 1834
215 ## $a1 documento (2 f.)
300 ## $aOrginal assinado por Joaquim António de Aguiar
321 ## $aInventário do Arquivo Histórico da Biblioteca Nacional: 1796-1950. Lisboa: BN, 1996. P. 55
710 01 $aPortugal.$bMinistério do Reino$3111548
712 02 $aPortugal.$bMinistro e Secretário de Estado dos Negócios Interiores e do Reino,$c1833-1834 (Joaquim António de Aguiar)$4070$31859708
801 #0 $aPT$bBN$gRPC
966 ## $lBN$mRESARQ$sAHBN/CR/05/Cx. 01-Mc. 01-01
971 ## $cmrosario$d20250416

Etiqueta de registo: 00254nbm 2200025 450
001 2211900
003 http://id.bnportugal.gov.pt/bib/catbnp/2211900
100 ## $a20250417d1834 k y0pory01030103ba
101 0# $apor
102 ## $aPT
105 ## $ay z 000yy
106 ## $ah
200 1# $a [ Portaria do Ministério do Reino, pela qual o Duque de Bragança, Regente em nome da Rainha, manda participar ao Conselheiro encarregado da Direcção da Biblioteca Pública de Lisboa, para conhecimento e execução, que a 6 de Março tinham sido expedidas pelo Ministério da Justiça circulares para que os Juízes de Direito do Distrito de Lisboa lhe enviassem a relação das Livrarias pertencentes às Casas de rebeldes em sequestro, a fim de se responsabilizar por essas Livrarias e as "levar" para o local que fora designado]
210 #1 $a[Lisboa], Palácio das Necessidades,$d7 de Março de 1834
215 ## $a1 documento (2 f.)
300 ## $aOriginal assinado por Joaquim António de Aguiar
321 ## $aInventário do Arquivo Histórico da Biblioteca Nacional: 1796-1950. Lisboa: BN, 1996. P. 55
710 01 $aPortugal.$bMinistério do Reino$3111548
712 02 $aPortugal.$bMinistro e Secretário de Estado dos Negócios Interiores e do Reino,$c1833-1834 (Joaquim António de Aguiar)$4070$31859708
801 #0 $aPT$bBN$gRPC
966 ## $lBN$mRESARQ$sAHBN/CR/05/Cx. 01-Mc. 01-11
971 ## $cmrosario$d20250417

Etiqueta de registo: 00254nbm 2200025 450
001 2211896
003 http://id.bnportugal.gov.pt/bib/catbnp/2211896
100 ## $a20250417d1834 k y0pory01030103ba
101 0# $apor
102 ## $aPT
105 ## $ay z 000yy
106 ## $ah
200 1# $a [ Portaria do Ministério do Reino, pela qual o Duque de Bragança, Regente em nome da Rainha, solicita que o Conselheiro Encarregado da Direcção da Biblioteca Pública, desse parecer sobre o requerimento de Desidério Marques Leão, no qual pedia para ser absolvido de uma multa]
210 #1 $a[Lisboa], Palácio das Necessidades,$d3 de Março de 1834
215 ## $a1 documento (2 f.)
300 ## $aOriginal assinado por Joaquim António de Aguiar
321 ## $aInventário do Arquivo Histórico da Biblioteca Nacional: 1796-1950. Lisboa: BN, 1996. P. 55
710 01 $aPortugal.$bMinistério do Reino$3111548
712 02 $aPortugal.$bMinistro e Secretário de Estado dos Negócios Interiores e do Reino,$c1833-1834 (Joaquim António de Aguiar)$4070$31859708
801 #0 $aPT$bBN$gRPC
966 ## $lBN$mRESARQ$sAHBN/CR/05/Cx. 01-Mc. 01-10
971 ## $cmrosario$d20250417

Etiqueta de registo: 00254nbm 2200025 450
001 2211874
003 http://id.bnportugal.gov.pt/bib/catbnp/2211874
100 ## $a20250417d1834 k y0pory01030103ba
101 0# $apor
102 ## $aPT
105 ## $ay z 000yy
106 ## $ah
200 1# $a [ Portaria do Ministério do Reino, pela qual o Duque de Bragança, Regente em nome da Rainha, solicita que o "Prefeito" nomeado para a "Provincia" do Alentejo, encarregado da direção da Biblioteca Pública, remetesse à Comissão responsável pelo melhoramento e reforma geral dos estudos, o mapa estatístico daquela instituição]
210 #1 $a[Lisboa], Palácio das Necessidades,$d26 de Fevereiro de 1834
215 ## $a1 documento (2 f.)
300 ## $aOriginal assinado por Joaquim António de Aguiar
321 ## $aInventário do Arquivo Histórico da Biblioteca Nacional: 1796-1950. Lisboa: BN, 1996. P. 55
710 01 $aPortugal.$bMinistério do Reino$3111548
712 02 $aPortugal.$bMinistro e Secretário de Estado dos Negócios Interiores e do Reino,$c1833-1834 (Joaquim António de Aguiar)$4070$31859708
801 #0 $aPT$bBN$gRPC
966 ## $lBN$mRESARQ$sAHBN/CR/05/Cx. 01-Mc. 01-09
971 ## $cmrosario$d20250417

Etiqueta de registo: 00254nbm 2200025 450
001 2211858
003 http://id.bnportugal.gov.pt/bib/catbnp/2211858
100 ## $a20250417d1834 k y0pory01030103ba
101 0# $apor
102 ## $aPT
105 ## $ay z 000yy
106 ## $ah
200 1# $a [ Portaria do Ministério do Reino, pela qual o Duque de Bragança, Regente em nome da Rainha, solicita que o "Prefeito", nomeado para a "Provincia" do Alentejo, informasse sobre a aplicação das quantias recebidas do Tesouro pela consignação anual de um conto e seiscentos mil réis, concedida à Biblioteca Pública para a compra de livros e jornais]
210 #1 $a[Lisboa], Palácio das Necessidades,$d26 de Fevereiro de 1834
215 ## $a1 documento (2 f.)
300 ## $aOriginal assinado por Joaquim António de Aguiar
321 ## $aInventário do Arquivo Histórico da Biblioteca Nacional: 1796-1950. Lisboa: BN, 1996. P. 55
710 01 $aPortugal.$bMinistério do Reino$3111548
712 02 $aPortugal.$bMinistro e Secretário de Estado dos Negócios Interiores e do Reino,$c1833-1834 (Joaquim António de Aguiar)$4070$31859708
801 #0 $aPT$bBN$gRPC
966 ## $lBN$mRESARQ$sAHBN/CR/05/Cx. 01-Mc. 01-08
971 ## $cmrosario$d20250417

Etiqueta de registo: 00254nbm 2200025 450
001 2211972
003 http://id.bnportugal.gov.pt/bib/catbnp/2211972
100 ## $a20250417d1834 k y0pory01030103ba
101 0# $apor
102 ## $aPT
105 ## $ay z 000yy
106 ## $ah
200 1# $a [ Portaria do Ministério do Reino, pela qual o Duque de Bragança, Regente em nome da Rainha, solicita que o Conselheiro Encarregado da Direcção da Biblioteca Pública desse o seu parecer sobre o requerimento de Manuel Joaquim de Aquino Robertes, que apesar de se ter oferecido para servir gratuitamente, pedia que lhe fosse pago um ordenado]
210 #1 $a[Lisboa], Palácio das Necessidades,$d11 de Março de 1834
215 ## $a1 documento (2 f.)
300 ## $aOriginal assinado por Joaquim António de Aguiar
321 ## $aInventário do Arquivo Histórico da Biblioteca Nacional: 1796-1950. Lisboa: BN, 1996. P. 55
710 01 $aPortugal.$bMinistério do Reino$3111548
712 02 $aPortugal.$bMinistro e Secretário de Estado dos Negócios Interiores e do Reino,$c1833-1834 (Joaquim António de Aguiar)$4070$31859708
801 #0 $aPT$bBN$gRPC
966 ## $lBN$mRESARQ$sAHBN/CR/05/Cx. 01-Mc. 01-14
971 ## $cmrosario$d20250417

Etiqueta de registo: 00254nbm 2200025 450
001 2211937
003 http://id.bnportugal.gov.pt/bib/catbnp/2211937
100 ## $a20250417d1834 k y0pory01030103ba
101 0# $apor
102 ## $aPT
105 ## $ay z 000yy
106 ## $ah
200 1# $a [ Portaria do Ministério do Reino, pela qual o Duque de Bragança, Regente em nome da Rainha, solicita ao Conselheiro Encarregado da Direcção da Biblioteca Pública, que entregasse ao Tesouro Público, do cofre da Biblioteca Pública, a quantia de nove mil contos de réis]
210 #1 $a[Lisboa], Palácio das Necessidades,$d7 de Março de 1834
215 ## $a1 documento (2 f.)
300 ## $aOriginal assinado por Joaquim António de Aguiar
321 ## $aInventário do Arquivo Histórico da Biblioteca Nacional: 1796-1950. Lisboa: BN, 1996. P. 55
710 01 $aPortugal.$bMinistério do Reino$3111548
712 02 $aPortugal.$bMinistro e Secretário de Estado dos Negócios Interiores e do Reino,$c1833-1834 (Joaquim António de Aguiar)$4070$31859708
801 #0 $aPT$bBN$gRPC
966 ## $lBN$mRESARQ$sAHBN/CR/05/Cx. 01-Mc. 01-12
971 ## $cmrosario$d20250417

Etiqueta de registo: 00254nbm 2200025 450
001 2212175
003 http://id.bnportugal.gov.pt/bib/catbnp/2212175
100 ## $a20250421d1834 k y0pory01030103ba
101 0# $apor
102 ## $aPT
105 ## $ay z 000yy
106 ## $ah
200 1# $a [ Portaria do Ministério do Reino, pela qual o Duque de Bragança, Regente em nome da Rainha, manda participar ao "Prefeito" nomeado para a "Provincia" do Alentejo, encarregado da Biblioteca Pública, que o Padre Benevenuto António Caetano de Campos, Oficial da Biblioteca, deveria ser incluído na folha de vencimentos desde o dia em que se apresentara ao ex-Bibliotecário-mor]
210 #1 $a[Lisboa], Palácio das Necessidades,$d20 de Março de 1834
215 ## $a1 documento (2 f.)
300 ## $aOriginal assinado por Joaquim António de Aguiar
321 ## $aInventário do Arquivo Histórico da Biblioteca Nacional: 1796-1950. Lisboa: BN, 1996. P. 55
710 01 $aPortugal.$bMinistério do Reino$3111548
712 02 $aPortugal.$bMinistro e Secretário de Estado dos Negócios Interiores e do Reino,$c1833-1834 (Joaquim António de Aguiar)$4070$31859708
801 #0 $aPT$bBN$gRPC
966 ## $lBN$mRESARQ$sAHBN/CR/05/Cx. 01-Mc. 01-21
971 ## $cmrosario$d20250421

Etiqueta de registo: 00254nam 2200025 450
001 2212135
003 http://id.bnportugal.gov.pt/bib/catbnp/2212135
100 ## $a20250421d1834 k y0pory01030103ba
101 0# $apor
102 ## $aPT
105 ## $ay z 000yy
106 ## $ah
200 1# $a [ Portaria do Ministério do Reino, pela qual o Duque de Bragança, Regente em nome da Rainha, solicita ao Conselheiro Encarregado da Direcção da Biblioteca Pública, que desse parecer sobre o requerimento em que António José da Silva solicitava ser admitido no «primeiro lugar que vagar de Oficial da referida Biblioteca»]
210 #1 $a[Lisboa], Palácio das Necessidades,$d18 de Março de 1834
215 ## $a1 documento (2 f.)
300 ## $aOriginal assinado por Joaquim António de Aguiar
321 ## $aInventário do Arquivo Histórico da Biblioteca Nacional: 1796-1950. Lisboa: BN, 1996. P. 55
710 01 $aPortugal.$bMinistério do Reino$3111548
712 02 $aPortugal.$bMinistro e Secretário de Estado dos Negócios Interiores e do Reino,$c1833-1834 (Joaquim António de Aguiar)$4070$31859708
801 #0 $aPT$bBN$gRPC
966 ## $lBN$mRESARQ$sAHBN/CR/05/Cx. 01-Mc. 01-19
971 ## $cmrosario$d20250421

Etiqueta de registo: 00254nam 2200025 450
001 2212060
003 http://id.bnportugal.gov.pt/bib/catbnp/2212060
100 ## $a20250421d1834 k y0pory01030103ba
101 0# $apor
102 ## $aPT
105 ## $ay z 000yy
106 ## $ah
200 1# $a [ Portaria do Ministério do Reino, pela qual o Duque de Bragança, Regente em nome da Rainha, solicita ao Conselheiro Encarregado da Direcção da Biblioteca Pública da Corte, que adquirisse os livros e jornais científicos necessários para que o público pudesse adquirir os conhecimentos que se consideravam estar em harmonia com os princípios de um governo livre e representativo]
210 #1 $a[Lisboa], Palácio das Necessidades,$d15 de Março de 1834
215 ## $a1 documento (2 f.)
300 ## $aOriginal assinado por Joaquim António de Aguiar
321 ## $aInventário do Arquivo Histórico da Biblioteca Nacional: 1796-1950. Lisboa: BN, 1996. P. 55
710 01 $aPortugal.$bMinistério do Reino$3111548
712 02 $aPortugal.$bMinistro e Secretário de Estado dos Negócios Interiores e do Reino,$c1833-1834 (Joaquim António de Aguiar)$4070$31859708
801 #0 $aPT$bBN$gRPC
966 ## $lBN$mRESARQ$sAHBN/CR/05/Cx. 01-Mc. 01-18
971 ## $cmrosario$d20250421

Etiqueta de registo: 00254nbm 2200025 450
001 2212036
003 http://id.bnportugal.gov.pt/bib/catbnp/2212036
100 ## $a20250421d1834 k y0pory01030103ba
101 0# $apor
102 ## $aPT
105 ## $ay z 000yy
106 ## $ah
200 1# $a [ Portaria do Ministério do Reino, pela qual o Duque de Bragança, Regente em nome da Rainha, informa o Conselheiro Encarregado da Direcção da Biblioteca Pública, que a exposição que apresentara sobre a importância da Bíblia do extinto Mosteiro de Santa Maria de Belém vir a ser depositada na Biblioteca, fora remetida pelo Ministro dos Negócios Eclesiásticos e de Justiça ao Presidente do Tesouro Público]
210 #1 $a[Lisboa], Palácio das Necessidades,$d14 de Março de 1834
215 ## $a1 documento (2 f.)
300 ## $aOriginal assinado por Joaquim António de Aguiar
321 ## $aInventário do Arquivo Histórico da Biblioteca Nacional: 1796-1950. Lisboa: BN, 1996. P. 55
710 01 $aPortugal.$bMinistério do Reino$3111548
712 02 $aPortugal.$bMinistro e Secretário de Estado dos Negócios Interiores e do Reino,$c1833-1834 (Joaquim António de Aguiar)$4070$31859708
801 #0 $aPT$bBN$gRPC
966 ## $lBN$mRESARQ$sAHBN/CR/05/Cx. 01-Mc. 01-17
971 ## $cmrosario$d20250421

Etiqueta de registo: 00254nam 2200025 450
001 2212019
003 http://id.bnportugal.gov.pt/bib/catbnp/2212019
100 ## $a20250421d18354 k y0pory01030103ba
101 0# $apor
102 ## $aPT
105 ## $ay z 000yy
106 ## $ah
200 1# $a [ Portaria do Ministério do Reino, pela qual o Duque de Bragança, Regente em nome da Rainha, solicita que o Conselheiro Encarregado da Direcção da Biblioteca Pública apresentasse a sua Majestade, através da Secretária de Estado dos Negócios do Reino, uma relação dos bens que administrava pertencentes aquela Repartição, com a declaração dos respetivos títulos, a sua aplicação e rendimentos, e outra relação dos direitos com as contas dos devedores]
210 #1 $a[Lisboa], Palácio das Necessidades,$d11 de Março de 1834
215 ## $a1 documento (2 f.)
300 ## $aOriginal assinado por Joaquim António de Aguiar
321 ## $aInventário do Arquivo Histórico da Biblioteca Nacional: 1796-1950. Lisboa: BN, 1996. P. 55
710 01 $aPortugal.$bMinistério do Reino$3111548
712 02 $aPortugal.$bMinistro e Secretário de Estado dos Negócios Interiores e do Reino,$c1833-1834 (Joaquim António de Aguiar)$4070$31859708
801 #0 $aPT$bBN$gRPC
966 ## $lBN$mRESARQ$sAHBN/CR/05/Cx. 01-Mc. 01-16
971 ## $cmrosario$d20250421

Etiqueta de registo: 00254nbm 2200025 450
001 2212009
003 http://id.bnportugal.gov.pt/bib/catbnp/2212009
100 ## $a20250421d1834 k y0pory01030103ba
101 0# $apor
102 ## $aPT
105 ## $ay z 000yy
106 ## $ah
200 1# $a [ Portaria do Ministério do Reino, pela qual o Duque de Bragança, Regente em nome da Rainha, solicita que o Conselheiro Encarregado da Direcção da Biblioteca Pública inclua na folha de vencimentos o funcionário Benevenuto Caetano António de Campos, que tinha sido demitido pelo governo de D. Miguel]
210 #1 $a[Lisboa], Palácio das Necessidades,$d11 de Março de 1834
215 ## $a1 documento (2 f.)
300 ## $aOriginal assinado por Joaquim António de Aguiar
321 ## $aInventário do Arquivo Histórico da Biblioteca Nacional: 1796-1950. Lisboa: BN, 1996. P. 55
710 01 $aPortugal.$bMinistério do Reino$3111548
712 02 $aPortugal.$bMinistro e Secretário de Estado dos Negócios Interiores e do Reino,$c1833-1834 (Joaquim António de Aguiar)$4070$31859708
801 #0 $aPT$bBN$gRPC
966 ## $lBN$mRESARQ$sAHBN/CR/05/Cx. 01-Mc. 01-15
971 ## $cmrosario$d20250421

Etiqueta de registo: 00254nbm 2200025 450
001 2212196
003 http://id.bnportugal.gov.pt/bib/catbnp/2212196
100 ## $a20250422d1834 k y0pory01030103ba
101 0# $apor
102 ## $aPT
105 ## $ay z 000yy
106 ## $ah
200 1# $a [ Portaria do Ministério do Reino, pela qual o Duque de Bragança, Regente em nome da Rainha, solicita ao Conselheiro Encarregado da Direcção da Biblioteca Pública, que informasse se os livros que constavam na relação em anexo, seriam em número suficiente para poderem ser dispensados para outra instituição]
210 #1 $a[Lisboa], Palácio das Necessidades,$d22 de Março de 1834
215 ## $a1 documento (3 f.)
300 ## $aOriginal assinado por Joaquim António de Aguiar, e cópia
321 ## $aInventário do Arquivo Histórico da Biblioteca Nacional: 1796-1950. Lisboa: BN, 1996. P. 55
327 11 $aEm anexo: "Relação dos Livros para uzo do Tribunal de Segunda Instancia da cidade do Porto, ordenada pela Regia Portaria de 8 de Janeiro de 1834"
710 01 $aPortugal.$bMinistério do Reino$3111548
712 02 $aPortugal.$bMinistro e Secretário de Estado dos Negócios Interiores e do Reino,$c1833-1834 (Joaquim António de Aguiar)$4070$31859708
801 #0 $aPT$bBN$gRPC
966 ## $lBN$mRESARQ$sAHBN/CR/05/Cx. 01-Mc. 01-22
971 ## $cmrosario$d20250422

Etiqueta de registo: 00254nbm 2200025 450
001 2212703
003 http://id.bnportugal.gov.pt/bib/catbnp/2212703
100 ## $a20250424d1834 k y0pory01030103ba
101 0# $apor
102 ## $aPT
105 ## $ay z 000yy
106 ## $ah
200 1# $a [ Portaria do Ministério do Reino, pela qual o Duque de Bragança, Regente em nome da Rainha, solicita que o encarregado provisoriamente da Direcção da Biblioteca Pública, remetesse à Secretaria de Estado cópias autênticas de quaisquer documentos, viagens ou particularidades respeitantes aos estabelecimentos portugueses de Moçambique, Benguela e Caconda, a fim de serem enviados ao Ministro britânico que os tinha solicitado, porque a Sociedade Geográfica de Londres iria nomear o Capitão Alexander, da Marinha Inglesa, para uma expedição científica ao interior de África, sendo alguns dos principais pontos a visitar próximos dos referidos estabelecimentos portugueses]
210 #1 $a[Lisboa], Palácio das Necessidades,$d21 de Abril de 1834
215 ## $a1 documento (2 f.)
300 ## $aOriginal assinado por Joaquim António de Aguiar
321 ## $aInventário do Arquivo Histórico da Biblioteca Nacional: 1796-1950. Lisboa: BN, 1996. P. 55
710 01 $aPortugal.$bMinistério do Reino$3111548
712 02 $aPortugal.$bMinistro e Secretário de Estado dos Negócios Interiores e do Reino,$c1833-1834 (Joaquim António de Aguiar)$4070$31859708
801 #0 $aPT$bBN$gRPC
966 ## $lBN$mRESARQ$sAHBN/CR/05/Cx. 01-Mc. 01-30
971 ## $cmrosario$d20250424

Etiqueta de registo: 00254nbm 2200025 450
001 2212693
003 http://id.bnportugal.gov.pt/bib/catbnp/2212693
100 ## $a20250424d1834 k y0pory01030103ba
101 0# $apor
102 ## $aPT
105 ## $ay z 000yy
106 ## $ah
200 1# $a [ Portaria do Ministério do Reino, pela qual o Duque de Bragança, Regente em nome da Rainha, estabelece que todas as pensões, ordinárias, tenças e aposentadorias, pagas por diferentes repartições, passassem a ser processadas pelo Tesouro público, solicitando ao Encarregado da Direcção da Biblioteca Pública uma relação dos pagamentos efectuados pela respectiva repartição, com declaração dos nomes dos interessados, datas das mercês e importância, juntamente com cópia autêntica dos diplomas caso não fosse possível enviar os originais]
210 #1 $a[Lisboa], Palácio das Necessidades,$d18 de Abril de 1834
215 ## $a1 documento (2 f.)
300 ## $aOriginal assinado por Joaquim António de Aguiar
321 ## $aInventário do Arquivo Histórico da Biblioteca Nacional: 1796-1950. Lisboa: BN, 1996. P. 55
710 01 $aPortugal.$bMinistério do Reino$3111548
712 02 $aPortugal.$bMinistro e Secretário de Estado dos Negócios Interiores e do Reino,$c1833-1834 (Joaquim António de Aguiar)$4070$31859708
801 #0 $aPT$bBN$gRPC
966 ## $lBN$mRESARQ$sAHBN/CR/05/Cx. 01-Mc. 01-29
971 ## $cmrosario$d20250424

Etiqueta de registo: 00254nbm 2200025 450
001 2212677
003 http://id.bnportugal.gov.pt/bib/catbnp/2212677
100 ## $a20250424d1834 k y0pory01030103ba
101 0# $apor
102 ## $aPT
105 ## $ay z 000yy
106 ## $ah
200 1# $a [ Portaria do Ministério do Reino, pela qual o Duque de Bragança, Regente em nome da Rainha, solicita que o substituto do segundo Bibliotecário, Francisco de Paula da Silveira, assumisse interinamente a direcção da Biblioteca Pública de Lisboa, enquanto não se apresentasse "a pessoa legitimamente autorizada para o cargo"]
210 #1 $a[Lisboa], Palácio das Necessidades,$d9 de Abril de 1834
215 ## $a1 documento (2 f.)
300 ## $aOriginal assinado por Joaquim António de Aguiar
321 ## $aInventário do Arquivo Histórico da Biblioteca Nacional: 1796-1950. Lisboa: BN, 1996. P. 55
710 01 $aPortugal.$bMinistério do Reino$3111548
712 02 $aPortugal.$bMinistro e Secretário de Estado dos Negócios Interiores e do Reino,$c1833-1834 (Joaquim António de Aguiar)$4070$31859708
801 #0 $aPT$bBN$gRPC
966 ## $lBN$mRESARQ$sAHBN/CR/05/Cx. 01-Mc. 01-27
971 ## $cmrosario$d20250424

Etiqueta de registo: 00254nam 2200025 450
001 2212657
003 http://id.bnportugal.gov.pt/bib/catbnp/2212657
100 ## $a20250424d1834 k y0pory01030103ba
101 0# $apor
102 ## $aPT
105 ## $ay z 000yy
106 ## $ah
200 1# $a [ Portaria do Ministério do Reino, pela qual o Duque de Bragança, Regente em nome da Rainha, solicita que o encarregado provisoriamente da Direcção da Biblioteca Pública de Lisboa, pusesse à disposição do Presidente da Relação do Porto, para uso desse Tribunal, um dos jogos da ordenação vicentina, que existiam na Biblioteca]
210 #1 $a[Lisboa], Palácio das Necessidades,$d10 de Abril de 1834
215 ## $a1 documento (2 f.)
300 ## $aOriginal assinado por Joaquim António de Aguiar
321 ## $aInventário do Arquivo Histórico da Biblioteca Nacional: 1796-1950. Lisboa: BN, 1996. P. 55
710 01 $aPortugal.$bMinistério do Reino$3111548
712 02 $aPortugal.$bMinistro e Secretário de Estado dos Negócios Interiores e do Reino,$c1833-1834 (Joaquim António de Aguiar)$4070$31859708
801 #0 $aPT$bBN$gRPC
966 ## $lBN$mRESARQ$sAHBN/CR/05/Cx. 01-Mc. 01-28
971 ## $cmrosario$d20250424

Etiqueta de registo: 00254nbm 2200025 450
001 2212611
003 http://id.bnportugal.gov.pt/bib/catbnp/2212611
100 ## $a20240424d1834 k y0pory01030103ba
101 0# $apor
102 ## $aPT
105 ## $ay z 000yy
106 ## $ah
200 1# $a [ Portaria do Ministério do Reino, pela qual o Duque de Bragança, Regente em nome da Rainha, manda remeter a Vasco Pinto Balsemão, a cópia do Decreto pelo qual o encarregava provisoriamente da Direcção da Biblioteca Pública de Lisboa]
210 #1 $a[Lisboa], Palácio das Necessidades,$d8 de Abril de 1834
215 ## $a1 documento (2 f.)
300 ## $aOriginal assinado por Joaquim António de Aguiar
321 ## $aInventário do Arquivo Histórico da Biblioteca Nacional: 1796-1950. Lisboa: BN, 1996. P. 55
710 01 $aPortugal.$bMinistério do Reino$3111548
712 02 $aPortugal.$bMinistro e Secretário de Estado dos Negócios Interiores e do Reino,$c1833-1834 (Joaquim António de Aguiar)$4070$31859708
801 #0 $aPT$bBN$gRPC
966 ## $lBN$mRESARQ$sAHBN/CR/05/Cx. 01-Mc. 01-25
971 ## $cmrosario$d20250424

Etiqueta de registo: 00254nbm 2200025 450
001 2212607
003 http://id.bnportugal.gov.pt/bib/catbnp/2212607
100 ## $a20250424d1834 k y0pory01030103ba
101 0# $apor
102 ## $aPT
105 ## $ay z 000yy
106 ## $ah
200 1# $a [ Portaria do Ministério do Reino, pela qual o Duque de Bragança, Regente em nome da Rainha, solicita ao Conselheiro Encarregado da Direcção da Biblioteca Pública de Lisboa, informação sobre o requerimento do Presbítero Secular João Teodósio Ferreira da Costa, que pedia para ser admitido como funcionário da Biblioteca]
210 #1 $a[Lisboa], Palácio das Necessidades,$d26 de Março de 1834
215 ## $a1 documento (2 f.)
300 ## $aOriginal assinado por Joaquim António de Aguiar
321 ## $aInventário do Arquivo Histórico da Biblioteca Nacional: 1796-1950. Lisboa: BN, 1996. P. 55
710 01 $aPortugal.$bMinistério do Reino$3111548
712 02 $aPortugal.$bMinistro e Secretário de Estado dos Negócios Interiores e do Reino,$c1833-1834 (Joaquim António de Aguiar)$4070$31859708
801 #0 $aPT$bBN$gRPC
966 ## $lBN$mRESARQ$sAHBN/CR/05/Cx. 01-Mc. 01-24
971 ## $cmrosario$d20250424

Etiqueta de registo: 00254nbm 2200025 450
001 2212600
003 http://id.bnportugal.gov.pt/bib/catbnp/2212600
100 ## $a20250424d1834 k y0pory01030103ba
101 0# $apor
102 ## $aPT
105 ## $ay z 000yy
106 ## $ah
200 1# $a [ Portaria do Ministério do Reino, pela qual o Duque de Bragança, Regente em nome da Rainha, solicita ao Conselheiro Encarregado da Biblioteca Pública de Lisboa, que indique um outro edifício, além do Convento da Boa Hora, para instituir o Depósito dos livros sequestrados]
210 #1 $a[Lisboa], Palácio das Necessidades,$d22 de Março de 1834
215 ## $a1 documento (2 f.)
300 ## $aOriginal assinado por Joaquim António de Aguiar
321 ## $aInventário do Arquivo Histórico da Biblioteca Nacional: 1796-1950. Lisboa: BN, 1996. P. 55
710 01 $aPortugal.$bMinistério do Reino$3111548
712 02 $aPortugal.$bMinistro e Secretário de Estado dos Negócios Interiores e do Reino,$c1833-1834 (Joaquim António de Aguiar)$4070$31859708
801 #0 $aPT$bBN$gRPC
966 ## $lBN$mRESARQ$sAHBN/CR/05/Cx. 01-Mc. 01-23
971 ## $cmrosario$d20250424

Etiqueta de registo: 00254nbm 2200025 450
001 2212622
003 http://id.bnportugal.gov.pt/bib/catbnp/2212622
100 ## $a20250424d1834 k y0pory01030103ba
101 0# $apor
102 ## $aPT
105 ## $ay z 000yy
106 ## $ah
200 1# $a [ Portaria do Ministério do Reino, pela qual o Duque de Bragança, Regente em nome da Rainha, manda remeter a Vasco Pinto Balsemão, encarregado provisoriamente da Direcção da Biblioteca Pública de Lisboa, a cópia do Decreto pelo qual fora demitido do cargo de segundo Bibliotecário da Biblioteca, José Joaquim Pereira Martim, Major do Corpo de Engenheiros e lente jubilado da Academia da Marinha]
210 #1 $a[Lisboa], Palácio das Necessidades,$d9 de Abril de 1834
215 ## $a1 documento (4 f.)
300 ## $aOriginal assinado por Joaquim António de Aguiar, e cópia assinada por José Balbino de Barbosa Araújo
321 ## $aInventário do Arquivo Histórico da Biblioteca Nacional: 1796-1950. Lisboa: BN, 1996. P. 55
327 1# $aDecreto de 7 de Abril de 1834
702 #1 $aAraújo,$bJosé Balbino de Barbosa,$f1787-1848$4070$31425473
710 01 $aPortugal.$bMinistério do Reino$3111548
712 02 $aPortugal.$bMinistro e Secretário de Estado dos Negócios Interiores e do Reino,$c1833-1834 (Joaquim António de Aguiar)$4070$31859708
801 #0 $aPT$bBN$gRPC
966 ## $lBN$mRESARQ$sAHBN/CR/05/Cx. 01-Mc. 01-26
971 ## $cmrosario$d20250424

Etiqueta de registo: 00254nbm 2200025 450
001 2212150
003 http://id.bnportugal.gov.pt/bib/catbnp/2212150
100 ## $a20250421d1834 k y0pory01030103ba
101 0# $apor
102 ## $aPT
105 ## $ay z 000yy
106 ## $ah
200 1# $a [ Portaria do Ministério do Reino, pela qual o Duque de Bragança, Regente em nome da Rainha, manda remeter, para conhecimento e execução, ao Conselheiro Encarregado da Direcção da Biblioteca Pública, o Decreto de 18 de Março que destituía D. Miguel de todas as «honras, prerrogativas, isenções, privilégios e regalias que na qualidade e pelo título de Infante lhe competiam»]
210 #1 $a[Lisboa], Palácio das Necessidades,$d19 de Março de 1834
215 ## $a1 documento (2 f.)
300 ## $aOriginal assinado por Joaquim António de Aguiar, e cópia assinada por José Balbino de Barbosa Araújo
321 ## $aInventário do Arquivo Histórico da Biblioteca Nacional: 1796-1950. Lisboa: BN, 1996. P. 55
327 11 $aDecreto
702 #1 $aAraújo,$bJosé Balbino de Barbosa,$f1787-1848$4070$31425473
710 01 $aPortugal.$bMinistério do Reino$3111548
712 02 $aPortugal.$bMinistro e Secretário de Estado dos Negócios Interiores e do Reino,$c1833-1834 (Joaquim António de Aguiar)$4070$31859708
801 #0 $aPT$bBN$gRPC
966 ## $lBN$mRESARQ$sAHBN/CR/05/Cx. 01-Mc. 01-20
971 ## $cmrosario$d20250421

Etiqueta de registo: 00254nbm 2200025 450
001 2215652
003 http://id.bnportugal.gov.pt/bib/catbnp/2215652
100 ## $a20250526d1841 k y0pory01030103ba
101 0# $apor
102 ## $aPT
105 ## $ay z 000yy
106 ## $ah
200 1# $a [ Portaria circular do Ministério do Reino, enviada ao Bibliotecário-mor da Biblioteca Pública de Lisboa, pela qual, a Rainha solícita que todas as autoridades dependentes daquele Ministério, a quem por ele se remeteram avisos de crédito, e as ordens respetivas para quaisquer pagamentos, informe se os pagamentos foram realizados em tempo, e se não qual o motivo]
210 #1 $a Paço de Sintra,$d21 de Julho de 1841
215 ## $a1 documento (2 f.)
300 ## $aOriginal assinado por Joaquim António de Aguiar
321 ## $aInventário do Arquivo Histórico da Biblioteca Nacional: 1796-1950. Lisboa: BN, 1996. P. 55
710 01 $aPortugal.$bMinistério do Reino$3111548
712 02 $aPortugal.$bMinistro e Secretário de Estado dos Negócios Interiores e do Reino,$c1833-1834 (Joaquim António de Aguiar)$4070$31859708
801 #0 $aPT$bBN$gRPC
966 ## $lBN$mRESARQ$sAHBN/CR/05/Cx. 02-Mc. 05-58
971 ## $cmrosario$d20250527

Etiqueta de registo: 00254nbm 2200025 450
001 2215836
003 http://id.bnportugal.gov.pt/bib/catbnp/2215836
100 ## $a20250527d1842 k y0pory01030103ba
101 0# $apor
102 ## $aPT
105 ## $ay z 000yy
106 ## $ah
200 1# $a [ Portaria circular do Ministério do Reino, pela qual, a Rainha participa ao Bibliotecário-mor da Biblioteca Nacional de Lisboa, que deve passar cédulas segundo o modelo adaptado, aos empregados dependentes da Biblioteca, relativas aos ordenados dos meses compreendidos nas disposições do Decreto de 31 de Dezembro de 1841]
210 #1 $a[Lisboa] Palácio das Necessidades,$d10 de Janeiro de 1842
215 ## $a1 documento (3 f.)
300 ## $aOriginal assinado por Joaquim António de Aguiar
321 ## $aInventário do Arquivo Histórico da Biblioteca Nacional: 1796-1950. Lisboa: BN, 1996. P. 55
327 11 $aModelo da cédula
710 01 $aPortugal.$bMinistério do Reino$3111548
712 02 $aPortugal.$bMinistro e Secretário de Estado dos Negócios Interiores e do Reino,$c1833-1834 (Joaquim António de Aguiar)$4070$31859708
801 #0 $aPT$bBN$gRPC
966 ## $lBN$mRESARQ$sAHBN/CR/05/Cx. 02-Mc. 06-71
971 ## $cmrosario$d20250527

Etiqueta de registo: 00254nbm 2200025 450
001 2215831
003 http://id.bnportugal.gov.pt/bib/catbnp/2215831
100 ## $a20250527d1842 k y0pory01030103ba
101 0# $apor
102 ## $aPT
105 ## $ay z 000yy
106 ## $ah
200 1# $a [ Portaria do Ministério do Reino, pela qual, a Rainha autoriza o Bibliotecário-mor da Biblioteca Nacional de Lisboa, para passar cédulas aos empregados da Biblioteca, nos termos da Portaria dirigida ao Administrador Geral do Distrito de Castelo Branco, em 17 de Novembro de 1838]
210 #1 $a[Lisboa] Palácio das Necessidades,$d10 de Janeiro de 1842
215 ## $a1 documento (2 f.)
300 ## $aOriginal assinado por Joaquim António de Aguiar
321 ## $aInventário do Arquivo Histórico da Biblioteca Nacional: 1796-1950. Lisboa: BN, 1996. P. 55
710 01 $aPortugal.$bMinistério do Reino$3111548
712 02 $aPortugal.$bMinistro e Secretário de Estado dos Negócios Interiores e do Reino,$c1833-1834 (Joaquim António de Aguiar)$4070$31859708
801 #0 $aPT$bBN$gRPC
966 ## $lBN$mRESARQ$sAHBN/CR/05/Cx. 02-Mc. 06-70
971 ## $cmrosario$d20250527

Etiqueta de registo: 00254nbm 2200025 450
001 2215785
003 http://id.bnportugal.gov.pt/bib/catbnp/2215785
100 ## $a20250527d1841 k y0pory01030103ba
101 0# $apor
102 ## $aPT
105 ## $ay z 000yy
106 ## $ah
200 1# $a [ Portaria do Ministério do Reino, pela qual, a Rainha solicita ao Bibliotecário-mor da Biblioteca Nacional de Lisboa, que remeta até 25 de Dezembro de 1841, os relatórios exigidos pela Portaria circular de 2 de Março de 1841 e o Decreto de 25 de Fevereiro de 1841, e informo os motivos pelos quais ainda não tinham sido executados]
210 #1 $a[Lisboa] Palácio das Necessidades,$d14 de Dezembro de 1841
215 ## $a1 documento (2 f.)
300 ## $aOriginal assinado por Joaquim António de Aguiar
321 ## $aInventário do Arquivo Histórico da Biblioteca Nacional: 1796-1950. Lisboa: BN, 1996. P. 55
710 01 $aPortugal.$bMinistério do Reino$3111548
712 02 $aPortugal.$bMinistro e Secretário de Estado dos Negócios Interiores e do Reino,$c1833-1834 (Joaquim António de Aguiar)$4070$31859708
801 #0 $aPT$bBN$gRPC
966 ## $lBN$mRESARQ$sAHBN/CR/05/Cx. 02-Mc. 05-69
971 ## $cmrosario$d20250527

Etiqueta de registo: 00254nbm 2200025 450
001 2215776
003 http://id.bnportugal.gov.pt/bib/catbnp/2215776
100 ## $a20250527d1841 k y0pory01030103ba
101 0# $apor
102 ## $aPT
105 ## $ay z 000yy
106 ## $ah
200 1# $a [ Portaria do Ministério do Reino, pela qual, a Rainha solicita ao Bibliotecário-mor da Biblioteca Nacional de Lisboa, que entregue a pessoa autorizada pelo Conselheiro Presidente do Supremo Tribunal de Justiça, os livros contantes da relação junta, para a Biblioteca daquele estabelecimento]
210 #1 $a[Lisboa] Paço das Necessidades,$d14 de Dezembro de 1841
215 ## $a1 documento (2 f.)
300 ## $aOriginal assinado por Joaquim António de Aguiar
321 ## $aInventário do Arquivo Histórico da Biblioteca Nacional: 1796-1950. Lisboa: BN, 1996. P. 55
710 01 $aPortugal.$bMinistério do Reino$3111548
712 02 $aPortugal.$bMinistro e Secretário de Estado dos Negócios Interiores e do Reino,$c1833-1834 (Joaquim António de Aguiar)$4070$31859708
801 #0 $aPT$bBN$gRPC
966 ## $lBN$mRESARQ$sAHBN/CR/05/Cx. 02-Mc. 05-68
971 ## $cmrosario$d20250527

Etiqueta de registo: 00254nbm 2200025 450
001 2215768
003 http://id.bnportugal.gov.pt/bib/catbnp/2215768
100 ## $a20250527d1841 k y0pory01030103ba
101 0# $apor
102 ## $aPT
105 ## $ay z 000yy
106 ## $ag
200 1# $a [ Portaria do Ministério do Reino, pela qual, a Rainha solicita ao Bibliotecário-mor da Biblioteca Nacional de Lisboa, que preste todos os esclarecimentos sobre o Edifício ocupado pela Biblioteca, ao Conselheiro Inspector Geral das Obras Públicas]
210 #1 $a[Lisboa] Paço das Necessidades,$d9 de Dezembro de 1841
215 ## $a1 documento (2 f.)
300 ## $aOriginal assinado por Joaquim António de Aguiar
321 ## $aInventário do Arquivo Histórico da Biblioteca Nacional: 1796-1950. Lisboa: BN, 1996. P. 55
710 01 $aPortugal.$bMinistério do Reino$3111548
712 02 $aPortugal.$bMinistro e Secretário de Estado dos Negócios Interiores e do Reino,$c1833-1834 (Joaquim António de Aguiar)$4070$31859708
801 #0 $aPT$bBN$gRPC
966 ## $lBN$mRESARQ$sAHBN/CR/05/Cx. 02-Mc. 05-67
971 ## $cmrosario$d20250527

Etiqueta de registo: 00254nbm 2200025 450
001 2215765
003 http://id.bnportugal.gov.pt/bib/catbnp/2215765
100 ## $a20250527d1841 k y0pory01030103ba
101 0# $apor
102 ## $aPT
105 ## $ay z 000yy
106 ## $ah
200 1# $a [ Portaria do Ministério do Reino, pela qual, a Rainha solicita ao Bibliotecário-mor da Biblioteca Nacional de Lisboa, que informe se o negociante falido, João José de Corpas é credor ou devedor à Fazenda Nacional, por contas que tenha tido com a Biblioteca]
210 #1 $a[Lisboa] Palácio das Necessidades,$d4 de Dezembro de 1841
215 ## $a1 documento (2 f.)
300 ## $aOriginal assinado por Joaquim António de Aguiar
321 ## $aInventário do Arquivo Histórico da Biblioteca Nacional: 1796-1950. Lisboa: BN, 1996. P. 55
710 01 $aPortugal.$bMinistério do Reino$3111548
712 02 $aPortugal.$bMinistro e Secretário de Estado dos Negócios Interiores e do Reino,$c1833-1834 (Joaquim António de Aguiar)$4070$31859708
801 #0 $aPT$bBN$gRPC
966 ## $lBN$mRESARQ$sAHBN/CR/05/Cx. 02-Mc. 05-66
971 ## $cmrosario$d20250527

Etiqueta de registo: 00254nbm 2200025 450
001 2215764
003 http://id.bnportugal.gov.pt/bib/catbnp/2215764
100 ## $a20250527d1841 k y0pory01030103ba
101 0# $apor
102 ## $aPT
105 ## $ay z 000yy
106 ## $ah
200 1# $a [ Portaria do Ministério do Reino, pela qual, a Rainha solicita ao Bibliotecário-mor da Biblioteca Nacional de Lisboa, que facilite ao Presidente do Supremo Tribunal de Justiça os Catálogos dos Livros da Biblioteca para que o mesmo possa fazer uma relação dos livros duplicados de que o Tribunal carece para seu uso]
210 #1 $a[Lisboa] Paço das Necessidades,$d24 de Novembro de 1841
215 ## $a1 documento (2 f.)
300 ## $aOriginal assinado por Joaquim António de Aguiar
321 ## $aInventário do Arquivo Histórico da Biblioteca Nacional: 1796-1950. Lisboa: BN, 1996. P. 55
710 01 $aPortugal.$bMinistério do Reino$3111548
712 02 $aPortugal.$bMinistro e Secretário de Estado dos Negócios Interiores e do Reino,$c1833-1834 (Joaquim António de Aguiar)$4070$31859708
801 #0 $aPT$bBN$gRPC
966 ## $lBN$mRESARQ$sAHBN/CR/05/Cx. 02-Mc. 05-65
971 ## $cmrosario$d20250527

Etiqueta de registo: 00254nbm 2200025 450
001 2215759
003 http://id.bnportugal.gov.pt/bib/catbnp/2215759
100 ## $a20250527d1841 k y0pory01030103ba
101 0# $apor
102 ## $aPT
105 ## $ay z 000yy
106 ## $ah
200 1# $a [ Portaria do Ministério do Reino, pela qual, a Rainha solicita ao Bibliotecário-mor da Biblioteca Nacional de Lisboa, que informe quantos volumes e documentos de música, pertencentes ao Cartório do extinto Seminário Patriarcal, foram entregues à Casa Pia e ao Conservatório Real de Lisboa, e quantos se conservam ainda depositados na Biblioteca]
210 #1 $a[Lisboa] Paço das Necessidades,$d26 de Outubro de 1841
215 ## $a1 documento (2 f.)
300 ## $aOriginal assinado por Joaquim António de Aguiar
321 ## $aInventário do Arquivo Histórico da Biblioteca Nacional: 1796-1950. Lisboa: BN, 1996. P. 55
710 01 $aPortugal.$bMinistério do Reino$4070$3111548
712 02 $aPortugal.$bMinistro e Secretário de Estado dos Negócios Interiores e do Reino,$c1833-1834 (Joaquim António de Aguiar)$31859708
801 #0 $aPT$bBN$gRPC
966 ## $lBN$mRESARQ$sAHBN/CR/05/Cx. 02-Mc. 05-64
971 ## $cmrosario$d20250527

Etiqueta de registo: 00254nbm 2200025 450
001 2215716
003 http://id.bnportugal.gov.pt/bib/catbnp/2215716
100 ## $a20250527d1841 k y0pory01030103ba
101 0# $apor
102 ## $aPT
105 ## $ay z 000yy
106 ## $ah
200 1# $a [ Portaria do Ministério do Reino, pela qual, a Rainha participa ao Bibliotecário-mor da Biblioteca Nacional de Lisboa, que na sequência do requerimento de António José da Silva, pedindo para ser abonado dos vencimentos pela folha da Biblioteca, enquanto estiver ao serviço da mesma, por ainda não poder ocupar o lugar no ofício de Escrivão e Tabelião do Juízo de Direito da 4º Vara da Comarca de Lisboa, para onde tinha sido despachado, foi dada autorização para receber o vencimento como Oficial da Biblioteca enquanto fizer serviço efectivo na mesma]
210 #1 $a[Lisboa] Palácio das Necessidades,$d6 de Outubro de 1841
215 ## $a1 documento (2 f.)
300 ## $aOriginal assinado por Joaquim António de Aguiar
321 ## $aInventário do Arquivo Histórico da Biblioteca Nacional: 1796-1950. Lisboa: BN, 1996. P. 55
710 01 $aPortugal.$bMinistério do Reino$3111548
712 02 $aPortugal.$bMinistro e Secretário de Estado dos Negócios Interiores e do Reino,$c1833-1834 (Joaquim António de Aguiar)$4070$31859708
801 #0 $aPT$bBN$gRPC
966 ## $lBN$mRESARQ$sAHBN/CR/05/Cx. 02-Mc. 05-63
971 ## $cmrosario$d20250527

Etiqueta de registo: 00254nbm 2200025 450
001 2215708
003 http://id.bnportugal.gov.pt/bib/catbnp/2215708
100 ## $a20250527d1841 k y0pory01030103ba
101 0# $apor
102 ## $aPT
105 ## $ay z 000yy
106 ## $ah
200 1# $a [ Portaria do Ministério do Reino, pela qual, a Rainha Participa ao Bibliotecário-mor da Biblioteca Nacional de Lisboa, Vasco Pinto de Balsemão, que na sequência do seu pedido, lhe foi concedido a licença por sessenta dias para estar ausente do exercício das suas funções]
210 #1 $a[Lisboa] Paço das Necessidades,$d1 de Outubro de 1841
215 ## $a1 documento (2 f.)
300 ## $aOriginal assinado por Joaquim António de Aguiar
321 ## $aInventário do Arquivo Histórico da Biblioteca Nacional: 1796-1950. Lisboa: BN, 1996. P. 55
710 01 $aPortugal.$bMinistério do Reino$3111548
712 02 $aPortugal.$bMinistro e Secretário de Estado dos Negócios Interiores e do Reino,$c1833-1834 (Joaquim António de Aguiar)$4070$31859708
801 #0 $aPT$bBN$gRPC
966 ## $lBN$mRESARQ$sAHBN/CR/05/Cx. 02-Mc. 05-62
971 ## $cmrosario$d20250527

Etiqueta de registo: 00254nbm 2200025 450
001 2215696
003 http://id.bnportugal.gov.pt/bib/catbnp/2215696
100 ## $a20250527d1841 k y0pory01030103ba
101 0# $apor
102 ## $aPT
105 ## $ay z 000yy
106 ## $ah
200 1# $a [ Portaria do Ministério do Reino, pela qual, a Rainha solícita ao Bibliotecário-mor da Biblioteca Nacional de Lisboa, que entregue por empréstimo ao Ministro do Imperador do Brasil, os volumes que ele pedir das Memórias de D. Luís Caetano de Lima]
210 #1 $aPalácio de Sintra,$d18 de Setembro de 1841
215 ## $a1 documento (2 f.)
300 ## $aOriginal assinado por Joaquim António de Aguiar
321 ## $aInventário do Arquivo Histórico da Biblioteca Nacional: 1796-1950. Lisboa: BN, 1996. P. 55
710 01 $aPortugal.$bMinistério do Reino$3111548
712 02 $aPortugal.$bMinistro e Secretário de Estado dos Negócios Interiores e do Reino,$c1833-1834 (Joaquim António de Aguiar)$4070$31859708
801 #0 $aPT$bBN$gRPC
966 ## $lBN$mRESARQ$sAHBN/CR/05/Cx. 02-Mc. 05-61
971 ## $cmrosario$d20250527

Etiqueta de registo: 00254nbm 2200025 450
001 2215691
003 http://id.bnportugal.gov.pt/bib/catbnp/2215691
100 ## $a20250527d1841 k y0pory01030103ba
101 0# $apor
102 ## $aPT
105 ## $ay z 000yy
106 ## $ah
200 1# $a [ Portaria circular do Ministério do Reino, pela qual, a Rainha solícita ao Bibliotecário-mor da Biblioteca Pública de Lisboa, que remeta aquele Ministério até ao dia 30 de Setembro, o orçamento das despesas do pessoal e material da repartição a seu cargo para o ano económico de 1842-1843, e a conta do que se estiver devendo à mesma repartição]
210 #1 $aPalácio de Sintra,$d20 de Agosto de 1841
215 ## $a1 documento (2 f.)
300 ## $aOriginal assinado por Joaquim António de Aguiar
321 ## $aInventário do Arquivo Histórico da Biblioteca Nacional: 1796-1950. Lisboa: BN, 1996. P. 55
710 01 $aPortugal.$bMinistério do Reino$3111548
712 02 $aPortugal.$bMinistro e Secretário de Estado dos Negócios Interiores e do Reino,$c1833-1834 (Joaquim António de Aguiar)$4070$31859708
801 #0 $aPT$bBN$gRPC
966 ## $lBN$mRESARQ$sAHBN/CR/05/Cx. 02-Mc. 05-60
971 ## $cmrosario$d20250527

Etiqueta de registo: 00254nbm 2200025 450
001 2215687
003 http://id.bnportugal.gov.pt/bib/catbnp/2215687
100 ## $a20250527d1841 k y0pory01030103ba
101 0# $apor
102 ## $aPT
105 ## $ay z 000yy
106 ## $ah
200 1# $a [ Portaria circular do Ministério do Reino, enviada à Comissão Administrativa do Depósito das Livrarias, pela qual, a Rainha solícita que todas as autoridades dependentes daquele Ministério, a quem por ele se remeteram avisos de crédito, e as ordens respetivas para quaisquer pagamentos, informe se os pagamentos foram realizados em tempo, e se não qual o motivo]
210 #1 $aPaço de Sintra,$d21 de Julho de 1841
215 ## $a1 documento (2 f.)
300 ## $aOriginal assinado por Joaquim António de Aguiar
321 ## $aInventário do Arquivo Histórico da Biblioteca Nacional: 1796-1950. Lisboa: BN, 1996. P. 55
710 01 $aPortugal.$bMinistério do Reino$3111548
712 02 $aPortugal.$bMinistro e Secretário de Estado dos Negócios Interiores e do Reino,$c1833-1834 (Joaquim António de Aguiar)$4070$31859708
801 #0 $aPT$bBN$gRPC
966 ## $lBN$mRESARQ$sAHBN/CR/05/Cx. 02-Mc. 05-59
971 ## $cmrosario$d20250527

OpendataBNP@bnportugal.pt | Mais informação sobre acesso aos dados BNP